000 00338nam a2200145Ia 4500
008 220923s9999 xx 000 0 und d
020 _a978-81-8038-835-4
082 _bCHA
100 _aCHAWLA, ALKA
245 0 _aLAW OF COPYRIGHT
260 _bLEXIS NEXIS, GURGAON
_c2013
300 _a316
650 _aCopyright Law
942 _cBK
999 _c195200
_d195200